000 00485nam a2200193Ia 4500
008 170918s9999 xx 000 0 und d
020 _a9780545415347
050 _bI114 2010
100 _aCuyler, Margery
245 _aI repeat, don't cheat! /
245 _cMargery Cuyler ; illustrated by Arthur Howard.
260 _aNew York :
260 _bScholastic,
260 _c2010
300 _aunpaged :
300 _bcolored illustration ;
300 _c28cm.
500 _a490
999 _c341335
_d341335